Gestin̤ del empleo pb︢lico

Detalles Bibliográficos
Autor principal: Padilla Ruiz, Pedro
Formato: eBook
Lenguaje:español
Publicado: Barcelona: J.M. Bosch Editor, 2016
Materias:
Acceso en línea:Acceso restringido

MARC

LEADER 00000nam a22000007a 4500
005 20190404124618.0
007 cr|||| ||||
008 190404s2016 es |||||s|||| 00||0 spa d
020 |a 978-84-946077-3-8 
035 |a 23173 
040 |a vLex 
090 |c 8561  |d 8561 
100 1 |a Padilla Ruiz, Pedro 
245 1 0 |a Gestin̤ del empleo pb︢lico  |h [Recurso electrn̤ico] /  |c Pedro Padilla Ruiz 
256 |a Servicio en ln̕ea 
260 |a Barcelona:  |b J.M. Bosch Editor,  |c 2016 
300 |a 1 recurso electrn̤ico 
506 1 |a Disponible solo en los productos indicados  |d vLex Global  |d vLex Global (Academic Edition, excluding Law Schools)  |d vLex Global (U.S. Academic Edition, Law Schools)  |d vLex Global (U.S. Academic Edition, excluding Law Schools)  |d vLex Global (Academic Edition, Law Schools) 
650 0 4 |a Derecho Pb︢lico y Administrativo  |z Espaą 
740 0 |a vLex Libros (Servicio en ln̕ea) 
856 4 0 |u http://vlex.com/source/gestion-empleo-publico-23173  |z Acceso restringido 
942 |c BOOK 
999 0 |a Public and Administrative Law